Riconosci lo Stadio - Europa - Quiz n°7 - Statistics

Statistiche generali
  • Questo quiz è stato fatto 13 volte
  • Il punteggio medio è 3 su 10
Statistiche sulle risposte
con Immagini Risposta % Corretto
Stadio Olimpico - Roma
100%
Stadio di Mestalla - Valencia
83%
Estadio da Luz - Lisbona
42%
Celtic Park - Glasgow
33%
St James' Park - Newcastle upon Tyme
25%
Stadio Toumba - Salonicco
17%
Stadio Metalist - Charkiv
0%
Stadio Nazionale Lužniki - Mosca
0%
Stadion Letná - Praga
0%
Stadio Wankdorf - Berna
0%
Nessun quiz corrispondente trovato
Distribuzione punteggi
Percentuale di utenti per punteggio
Percentile per numero di risposta
I tuoi punteggi nel tempo
Non hai fatto questo quiz